| 000 | 01340cam a2200373 a 4500 | ||
|---|---|---|---|
| 001 | 16602889 | ||
| 003 | OSt | ||
| 005 | 20140310181634.0 | ||
| 008 | 110107s2010 enkab b 001 0 eng | ||
| 010 | _a 2011000351 | ||
| 015 |
_aGBB075012 _2bnb |
||
| 016 | 7 |
_a015583162 _2Uk |
|
| 020 | _a9780230212145 (pbk. : alk. paper) | ||
| 020 | _a023021214X (pbk. : alk. paper) | ||
| 020 | _a9780230212138 (hardback : alk. paper) | ||
| 020 | _a0230212131 (hardback : alk. paper) | ||
| 035 | _a(OCoLC)ocn695860312 | ||
| 040 |
_aDLC _cDLC _dYDX _dYDXCP _dCDX _dUKM _dBTCTA _dSINLB _dPUL _dSNK _dVP@ _dDLC |
||
| 042 | _apcc | ||
| 043 | _aas----- | ||
| 050 | 0 | 0 |
_aDS 525 _b.N532 2010 |
| 082 | 0 | 0 |
_aTR 959 _bN47 2010 |
| 245 | 0 | 2 |
_aA new history of Southeast Asia / _cM.C. Ricklefs ... [et al.] ; edited by M.C. Ricklefs. |
| 260 |
_aHoundmills, Basingstoke, Hampshire ; _aNew York : _bPalgrave Macmillan, _c2010. |
||
| 300 |
_a536 p. : _bill., maps ; _c24 cm. |
||
| 521 | _aFaculty | ||
| 541 | _j1 | ||
| 562 | _eFor circulation. One copy available in the collection. | ||
| 650 |
_aSoutheast Asia _xHistory. _91704 |
||
| 700 | 1 |
_aRicklefs, M. C. _q(Merle Calvin) _91705 |
|
| 906 |
_a7 _bcbc _corignew _d1 _eecip _f20 _gy-gencatlg |
||
| 942 |
_2lcc _cBK-TR _kTR |
||
| 999 |
_c613 _d613 |
||